000 01358cam a2200289 a 4500
999 _c531943
_d531943
001 14848805
005 20191104161408.0
008 070514s2007 nyua b 001 0 eng
010 _a 2007020264
020 _a0071479619 (alk. paper)
020 _a9780071479615 (alk. paper)
040 _cDLC
082 0 0 _a307
_bFRI
100 1 _aFriedman, Avi,
_d1952-
_925129
245 1 0 _aSustainable residential development :
_bplanning and design for green neighborhoods /
_cAvi Friedman.
260 _aNew York :
_bMcGraw-Hill,
_cc2007.
300 _axiv, 288 p. :
_bill. ;
_c26 cm.
504 _aIncludes bibliographical references (p. 269-277) and index.
505 0 _aFundamental terms and principles -- The rise of suburbia -- Siting a community -- High-density neighborhoods -- Green homes -- Urban and dwelling renewal -- Implementing sustainability.
650 0 _aEcological houses
_xDesign and construction.
_925130
650 0 _aSustainable engineering.
_95719
650 0 _aPlanned communities.
_925131
856 4 2 _3Contributor biographical information
_uhttp://www.loc.gov/catdir/enhancements/fy0726/2007020264-b.html
856 4 2 _3Publisher description
_uhttp://www.loc.gov/catdir/enhancements/fy0726/2007020264-d.html
856 4 1 _3Table of contents only
_uhttp://www.loc.gov/catdir/enhancements/fy0726/2007020264-t.html
942 _2ddc
_cBK